000 00446nam a2200145 a 4500
001 000026680
005 20200930030342.0
008 110324s1999 dr 000 0 spa d
040 _aDO-SdBNP
_bspa
_cBNPHU
110 1 _aRepública Dminicana
_bBanco Central
_953798
245 1 0 _aEncuesta nacional de opinión empresarial al sector manufacturero.
260 _aSanto Domingo :
_bBanco Central,
_c1999.
300 _a19 p. ;
_c28 cm.
049 _aBNPD
999 _c26172
_d26172